[Event "BCF-chT2b 1516 (4NCL)"]
[Site "England"]
[Date "2016.02.14"]
[Round "6.8"]
[White "Ball, Laurence"]
[Black "Tasker, Michael"]
[Result "1/2-1/2"]
[WhiteElo "2099"]
[BlackElo "1997"]
[PlyCount "52"]
[EventDate "2015.11.14"]
[EventType "team-tourn"]
[EventRounds "7"]
[EventCountry "ENG"]
[SourceTitle "CBM 170 Extra"]
[Source "ChessBase"]
[SourceDate "2016.02.25"]
[SourceVersion "1"]
[SourceVersionDate "2016.02.25"]
[SourceQuality "1"]
[WhiteTeam "KJCA Kings"]
[BlackTeam "Hackney"]
[WhiteTeamCountry "ENG"]
[BlackTeamCountry "ENG"]

1. e4 c5 2. Nf3 d6 3. d4 cxd4 4. Qxd4 Nc6 5. Bb5 Bd7 6. Bxc6 Bxc6 7. Nc3 e6 8. Bg5 Nf6 9. 0-0-0 Be7 10. Rhe1 0-0 11. Qd2 Qa5 12. Kb1 Kh8 13. Nd4 Rac8 14. f4 Rfd8 15. f5 e5 16. Nb3 Qc7 17. Bxf6 Bxf6 18. g4 Bh4 19. Re2 h6 20. Qe3 a6 21. Nd5 Bxd5 22. Rxd5 b5 23. Qd3 Qb6 24. Qd2 Qg1+ 25. Qd1 Qxg4 26. Qd3 Bg5 1/2-1/2

[Event "BCF-chT2b 1516 (4NCL)"]
[Site "England"]
[Date "2015.11.14"]
[Round "1.9"]
[White "Gooding, Ian R"]
[Black "Tasker, Michael"]
[Result "1-0"]
[WhiteElo "2028"]
[BlackElo "2072"]
[PlyCount "55"]
[EventDate "2015.11.14"]
[EventType "team-tourn"]
[EventRounds "7"]
[EventCountry "ENG"]
[SourceTitle "CBM 169 Extra"]
[Source "ChessBase"]
[SourceDate "2015.12.18"]
[SourceVersion "1"]
[SourceVersionDate "2015.12.18"]
[SourceQuality "1"]
[WhiteTeam "Cambridge II"]
[BlackTeam "Hackney"]
[WhiteTeamCountry "ENG"]
[BlackTeamCountry "ENG"]

1. e4 c5 2. Nf3 d6 3. d4 cxd4 4. Nxd4 Nf6 5. Nc3 Nc6 6. Bg5 e6 7. Qd2 Be7 8. 0-0-0 0-0 9. Nb3 Qb6 10. f3 a6 11. h4 Rd8 12. h5 h6 13. Be3 Qc7 14. Qf2 d5 15. Bb6 Qf4+ 16. Kb1 dxe4 17. Bxd8 Bxd8 18. Rh4 Qg5 19. Nxe4 Nxe4 20. Rxe4 Qxh5 21. Qc5 Qh2 22. Rxd8+ Nxd8 23. Qe7 Nc6 24. Qe8+ Kh7 25. Qxf7 Nd8 26. Qe8 Qc7 27. Bd3 g6 28. Rg4 1-0

[Event "BCF-chT3 1415 (4NCL)"]
[Site "England"]
[Date "2015.05.03"]
[Round "10.216"]
[White "Tasker, Michael"]
[Black "Williams, Winston"]
[Result "1/2-1/2"]
[WhiteElo "2102"]
[BlackElo "2165"]
[PlyCount "75"]
[EventDate "2015.03.21"]
[EventType "team-swiss"]
[EventRounds "11"]
[EventCountry "ENG"]
[SourceTitle "EXT 2016"]
[Source "ChessBase"]
[SourceDate "2015.10.08"]
[SourceVersion "1"]
[SourceVersionDate "2015.10.08"]
[SourceQuality "1"]
[WhiteTeam "Hackney II"]
[BlackTeam "Bradford DCA Knights"]
[WhiteTeamCountry "ENG"]
[BlackTeamCountry "ENG"]

1. Nf3 c6 2. d4 d5 3. c4 e6 4. Qc2 f5 5. g3 Nf6 6. Bg2 Bd6 7. b3 0-0 8. 0-0 Ne4 9. Bb2 Nd7 10. Ne5 Qc7 11. Nxd7 Bxd7 12. Nd2 Nxd2 13. Qxd2 f4 14. Rac1 Qd8 15. b4 Rf6 16. b5 Qe8 17. Qc3 g5 18. e4 Qh5 19. e5 Rh6 20. h3 Be7 21. Ba3 f3 22. Bxf3 Qxh3 23. Rfe1 Bxa3 24. Qxa3 Rf8 25. Bg2 Qf5 26. Qe3 Rg6 27. cxd5 exd5 28. Re2 h5 29. bxc6 bxc6 30. Rb2 Rg7 31. Rb7 Be8 32. Rxg7+ Kxg7 33. Bf1 h4 34. Bd3 Qg4 35. Be2 Qf5 36. Bd3 Qg4 37. Be2 Qf5 38. Bd3 1/2-1/2

[Event "Hampstead op U2200 06"]
[Site "Hampstead"]
[Date "2013.06.29"]
[Round "3"]
[White "Tasker, Michael"]
[Black "Psaila, Clarence"]
[Result "1/2-1/2"]
[WhiteElo "2084"]
[BlackElo "2016"]
[PlyCount "31"]
[EventDate "2013.06.29"]
[EventType "swiss"]
[EventRounds "5"]
[EventCountry "ENG"]
[SourceTitle "EXT 2014"]
[Source "ChessBase"]
[SourceDate "2013.11.20"]
[SourceVersion "1"]
[SourceVersionDate "2013.11.20"]
[SourceQuality "1"]

1. Nf3 e6 2. c4 f5 3. g3 Nf6 4. Bg2 Be7 5. 0-0 0-0 6. d4 d6 7. Nc3 Ne4 8. Qc2 Nxc3 9. Qxc3 a5 10. Re1 Nc6 11. d5 Bf6 12. Qd2 Ne7 13. dxe6 Bxe6 14. Qc2 Nc6 15. Be3 Qe8 16. Bg5 1/2-1/2

[Event "Buxton e2e4 op"]
[Site "Buxton"]
[Date "2012.07.01"]
[Round "4"]
[White "Tasker, Michael"]
[Black "Burns, Martin J"]
[Result "0-1"]
[WhiteElo "2098"]
[BlackElo "2006"]
[PlyCount "70"]
[EventDate "2012.06.29"]
[EventType "swiss"]
[EventRounds "5"]
[EventCountry "ENG"]
[SourceTitle "CBM 149 Extra"]
[Source "ChessBase"]
[SourceDate "2012.08.24"]
[SourceVersion "1"]
[SourceVersionDate "2012.08.24"]
[SourceQuality "1"]

1. Nf3 Nf6 2. c4 g6 3. Nc3 Bg7 4. e4 d6 5. d4 c6 6. Be2 0-0 7. 0-0 Nbd7 8. Rb1 Nb6 9. Re1 Qc7 10. Bf1 e5 11. b4 exd4 12. Nxd4 a6 13. Bf4 Nh5 14. Be3 c5 15. bxc5 dxc5 16. Rxb6 Qxb6 17. Nd5 Qd8 18. Nb3 b6 19. Be2 Nf6 20. Bg5 h6 21. Nxf6+ Bxf6 22. Qxd8 Bxd8 23. Bxh6 Re8 24. f3 Bc7 25. Nd2 Be6 26. Nf1 Kh7 27. Bg5 Kg7 28. g3 f6 29. Bc1 Be5 30. Kg2 Red8 31. Ne3 Bc3 32. Rf1 Bd2 33. Nd5 Bxc1 34. Nc7 Rd2 35. Kf2 Rxe2+ 0-1

[Event "Buxton e2e4 op"]
[Site "Buxton"]
[Date "2012.06.29"]
[Round "1"]
[White "Hebden, Mark"]
[Black "Tasker, Michael"]
[Result "1-0"]
[WhiteElo "2512"]
[BlackElo "2098"]
[PlyCount "102"]
[EventDate "2012.06.29"]
[EventType "swiss"]
[EventRounds "5"]
[EventCountry "ENG"]
[SourceTitle "CBM 149 Extra"]
[Source "ChessBase"]
[SourceDate "2012.08.24"]
[SourceVersion "1"]
[SourceVersionDate "2012.08.24"]
[SourceQuality "1"]

1. d4 Nf6 2. Nf3 g6 3. Nc3 d5 4. Bf4 Bg7 5. Qd2 c5 6. dxc5 0-0 7. 0-0-0 Qa5 8. Nd4 e5 9. Bxe5 Qxc5 10. e3 Nc6 11. Bxf6 Bxf6 12. Nb3 Bxc3 13. Nxc5 Bxd2+ 14. Rxd2 b6 15. Nb3 Be6 16. Nd4 Ne5 17. Ba6 Rad8 18. Rhd1 Rd7 19. h3 Rc7 20. Bb5 Rfc8 21. b3 Nd7 22. Bxd7 Bxd7 23. Kb2 Kg7 24. Rc1 a6 25. Ne2 Be6 26. Nf4 Rc5 27. h4 a5 28. a3 h6 29. b4 Rc4 30. c3 Rd8 31. Rd4 Kf6 32. Rcd1 Rxd4 33. Rxd4 axb4 34. cxb4 Ke5 35. Nd3+ Kf6 36. b5 Rc8 37. Ra4 Bf5 38. Rd4 Be6 39. Rf4+ Ke7 40. Ra4 Bf5 41. Nb4 Rc5 42. Nc6+ Kf8 43. Nd4 Bd3 44. Ra8+ Ke7 45. Ra7+ Ke8 46. a4 Rc4 47. Ra6 Bf1 48. g3 Bd3 49. Kb3 Rc1 50. Rxb6 Bc4+ 51. Kb4 Rf1 1-0

[Event "London e2e4 Diamond Jubilee op"]
[Site "London"]
[Date "2012.06.05"]
[Round "7"]
[White "Tasker, Michael"]
[Black "Mihajlov, Sebastian"]
[Result "1/2-1/2"]
[WhiteElo "2098"]
[BlackElo "2064"]
[PlyCount "70"]
[EventDate "2012.06.02"]
[EventType "swiss"]
[EventRounds "9"]
[EventCountry "ENG"]
[SourceTitle "CBM 148 Extra"]
[Source "ChessBase"]
[SourceDate "2012.06.22"]
[SourceVersion "1"]
[SourceVersionDate "2012.06.22"]
[SourceQuality "1"]

1. d4 d5 2. Nf3 Nf6 3. c4 c6 4. Qc2 e6 5. Bg5 h6 6. Bxf6 Qxf6 7. e3 Bd6 8. Nc3 Nd7 9. Bd3 0-0 10. 0-0 Qe7 11. e4 dxc4 12. Bxc4 e5 13. Rfe1 exd4 14. Nxd4 Bxh2+ 15. Kxh2 Qe5+ 16. Kg1 Qxd4 17. Bf1 Qf6 18. Rad1 Ne5 19. Be2 Qg6 20. Qd2 Bh3 21. g3 Bg4 22. Kg2 Qh5 23. Bxg4 Qxg4 24. Qe2 Rad8 25. f3 Qg6 26. f4 Nd7 27. b4 Nb6 28. e5 Qe6 29. Ne4 Qc4 30. Qxc4 Nxc4 31. Nd6 Nxd6 32. exd6 Rd7 33. Re7 Rfd8 34. Rxd7 Rxd7 35. f5 f6 1/2-1/2

[Event "London e2e4 Diamond Jubilee op"]
[Site "London"]
[Date "2012.06.03"]
[Round "3"]
[White "Tasker, Michael"]
[Black "Taylor, Adam C"]
[Result "1-0"]
[WhiteElo "2098"]
[BlackElo "1948"]
[PlyCount "119"]
[EventDate "2012.06.02"]
[EventType "swiss"]
[EventRounds "9"]
[EventCountry "ENG"]
[SourceTitle "CBM 148 Extra"]
[Source "ChessBase"]
[SourceDate "2012.06.22"]
[SourceVersion "1"]
[SourceVersionDate "2012.06.22"]
[SourceQuality "1"]

1. d4 e6 2. Nf3 f5 3. g3 Nf6 4. Bg2 Be7 5. 0-0 0-0 6. c4 d6 7. b3 Qe8 8. Bb2 Ne4 9. Nbd2 Nxd2 10. Nxd2 Bf6 11. e4 e5 12. dxe5 Bxe5 13. Bxe5 Qxe5 14. exf5 Qxf5 15. Be4 Qf6 16. Bd5+ Kh8 17. Ne4 Qh6 18. Nc3 Nd7 19. f4 Nf6 20. Bf3 a6 21. Re1 Qg6 22. Re7 Rf7 23. Rxf7 Qxf7 24. Qd2 Rb8 25. Re1 Bg4 26. Bg2 b6 27. Nd5 Re8 28. Nxf6 gxf6 29. Bd5 Qh5 30. Re3 Bd7 31. Qd4 Kg7 32. Bf3 Qg6 33. Rxe8 Qxe8 34. Kf2 Qg6 35. Be4 Qh5 36. h4 Qa5 37. Bb1 Qc5 38. Qxc5 dxc5 39. f5 h6 40. Ke3 Kf7 41. Be4 a5 42. Kf4 a4 43. g4 axb3 44. axb3 Kg7 45. Bd5 Be8 46. Bb7 Bd7 47. g5 fxg5+ 48. hxg5 hxg5+ 49. Kxg5 c6 50. Ba8 Kf7 51. f6 b5 52. Bb7 Be6 53. Ba6 bxc4 54. Bxc4 Bd5 55. Kf5 Bxc4 56. bxc4 Kf8 57. Ke6 Ke8 58. Kd6 Kf7 59. Kxc5 Kxf6 60. Kxc6 1-0

[Event "BCF-chT3 1011 (4NCL)"]
[Site "England"]
[Date "2011.02.19"]
[Round "5.35"]
[White "Freeman, Richard"]
[Black "Tasker, Michael"]
[Result "1/2-1/2"]
[WhiteElo "2039"]
[BlackElo "2085"]
[PlyCount "35"]
[EventDate "2010.11.06"]
[EventType "team-swiss"]
[EventRounds "9"]
[EventCountry "ENG"]
[SourceTitle "EXT 2012"]
[Source "ChessBase"]
[SourceDate "2011.11.24"]
[SourceVersion "1"]
[SourceVersionDate "2011.11.24"]
[SourceQuality "1"]
[WhiteTeam "FCA Solutions"]
[BlackTeam "Hackney"]
[WhiteTeamCountry "ENG"]
[BlackTeamCountry "ENG"]

1. c4 g6 2. g3 Bg7 3. Bg2 c5 4. Nc3 Nc6 5. e4 d6 6. Nge2 Nf6 7. d3 0-0 8. 0-0 a6 9. h3 Rb8 10. a4 Ne8 11. Be3 Nd4 12. Rb1 Nc7 13. b4 Nce6 14. bxc5 Nxe2+ 15. Nxe2 dxc5 16. f4 Nd4 17. e5 Nxe2+ 18. Qxe2 1/2-1/2

[Event "BCF-chT3 0809 (4NCL)"]
[Site "Hinckley Island"]
[Date "2008.10.18"]
[Round "1.3"]
[White "Davies, Matthew"]
[Black "Tasker, Michael"]
[Result "0-1"]
[WhiteElo "1971"]
[BlackElo "2062"]
[PlyCount "38"]
[EventDate "2008.10.18"]
[EventType "team-swiss"]
[EventRounds "11"]
[EventCountry "ENG"]
[SourceTitle "EXT 2010"]
[Source "ChessBase"]
[SourceDate "2010.11.25"]
[SourceVersion "1"]
[SourceVersionDate "2010.11.25"]
[SourceQuality "1"]
[WhiteTeam "WOB"]
[BlackTeam "Hilsmark Coventry"]
[WhiteTeamCountry "ENG"]
[BlackTeamCountry "ENG"]

1. d4 Nf6 2. c4 g6 3. Nc3 Bg7 4. e4 d6 5. Nf3 0-0 6. Be2 e5 7. 0-0 Nc6 8. d5 Ne7 9. Nd2 Nd7 10. b4 f5 11. Bb2 Nf6 12. a4 Bh6 13. f3 Be3+ 14. Kh1 f4 15. c5 Nh5 16. Qe1 Nf5 17. exf5 Ng3+ 18. hxg3 Qg5 19. Rf2 fxg3 0-1

[Event "EU Union-ch 4th"]
[Site "Liverpool"]
[Date "2008.09.18"]
[Round "10"]
[White "Garcia Castro, Pablo"]
[Black "Tasker, Michael"]
[Result "1-0"]
[WhiteElo "2390"]
[BlackElo "2062"]
[PlyCount "65"]
[EventDate "2008.09.09"]
[EventType "swiss"]
[EventRounds "10"]
[EventCountry "ENG"]
[SourceTitle "CBM 126 Extra"]
[Source "ChessBase"]
[SourceDate "2008.11.05"]
[SourceVersion "1"]
[SourceVersionDate "2008.11.05"]
[SourceQuality "1"]

1. e4 c5 2. d3 Nc6 3. g3 g6 4. Bg2 Bg7 5. Nc3 e6 6. Be3 d6 7. Qd2 Qa5 8. Nh3 Nd4 9. 0-0 Ne7 10. Kh1 Rb8 11. f4 b5 12. g4 b4 13. Nd1 h5 14. g5 0-0 15. Bf2 Bb7 16. Ne3 Rfd8 17. Bg3 Qa4 18. a3 bxa3 19. Rxa3 Qb5 20. c3 Ndc6 21. f5 exf5 22. exf5 Be5 23. f6 Nc8 24. Nd5 Bxg3 25. c4 Qb4 26. Nxb4 cxb4 27. Raa1 Be5 28. Nf4 Nd4 29. Rae1 a5 30. Bd5 Kf8 31. Re4 a4 32. Qxb4 Bxd5 33. Qxb8 1-0

[Event "EU Union-ch 4th"]
[Site "Liverpool"]
[Date "2008.09.14"]
[Round "6"]
[White "Owen, Dennis P"]
[Black "Tasker, Michael"]
[Result "0-1"]
[WhiteElo "2095"]
[BlackElo "2062"]
[PlyCount "82"]
[EventDate "2008.09.09"]
[EventType "swiss"]
[EventRounds "10"]
[EventCountry "ENG"]
[SourceTitle "CBM 126 Extra"]
[Source "ChessBase"]
[SourceDate "2008.11.05"]
[SourceVersion "1"]
[SourceVersionDate "2008.11.05"]
[SourceQuality "1"]

1. e4 c5 2. Nf3 d6 3. d4 cxd4 4. Nxd4 Nf6 5. Nc3 Nc6 6. Be2 g6 7. Be3 Bg7 8. Qd2 0-0 9. h4 Nxd4 10. Bxd4 Be6 11. h5 Qa5 12. hxg6 fxg6 13. f3 Rac8 14. g4 b5 15. Nxb5 Qxd2+ 16. Kxd2 a6 17. Nc3 Nxe4+ 18. Nxe4 Bxd4 19. c3 Be5 20. Bxa6 Rb8 21. b4 Rxf3 22. Be2 Bf4+ 23. Kc2 Re3 24. Bd3 Bd5 25. Rhe1 Rxe1 26. Rxe1 Bxa2 27. b5 d5 28. Nd2 e5 29. Nb3 e4 30. Bf1 Bc7 31. Nc1 Bg3 32. Rd1 Bc4 33. Bxc4 dxc4 34. Rd5 Kf7 35. Rd7+ Kf6 36. Ne2 Bf2 37. Rxh7 Rxb5 38. Rh2 e3 39. Nf4 Ra5 40. Nh3 Ke5 41. Kb2 e2 0-1

[Event "Liverpool op"]
[Site "Liverpool"]
[Date "2007.09.07"]
[Round "7"]
[White "James, David J"]
[Black "Tasker, Michael"]
[Result "1-0"]
[WhiteElo "2220"]
[BlackElo "2070"]
[PlyCount "77"]
[EventDate "2007.09.03"]
[EventType "swiss"]
[EventRounds "9"]
[EventCountry "ENG"]
[SourceTitle "CBM 120 Extra"]
[Source "ChessBase"]
[SourceDate "2007.11.01"]
[SourceVersion "1"]
[SourceVersionDate "2007.11.01"]
[SourceQuality "1"]

1. Nf3 c5 2. c4 Nf6 3. Nc3 Nc6 4. d4 cxd4 5. Nxd4 g6 6. e4 d6 7. Be2 Bg7 8. Be3 0-0 9. 0-0 Nxd4 10. Bxd4 Be6 11. Qd2 Rc8 12. b3 Qa5 13. Rfd1 Kh8 14. Rac1 Rfe8 15. f3 a6 16. Qb2 Nd7 17. Nb5 Bxd4+ 18. Nxd4 Qe5 19. f4 Qf6 20. Qd2 Nc5 21. Qe3 a5 22. a3 Red8 23. b4 axb4 24. axb4 Na6 25. e5 dxe5 26. fxe5 Qg7 27. Nxe6 Rxd1+ 28. Rxd1 fxe6 29. Rb1 h5 30. c5 Nc7 31. b5 Nd5 32. Qd4 Qh6 33. Bf3 Qf4 34. Qxf4 Nxf4 35. Bxb7 Rxc5 36. b6 Nd3 37. Be4 Nxe5 38. b7 Nd7 39. Rd1 1-0

[Event "Liverpool op"]
[Site "Liverpool"]
[Date "2007.09.04"]
[Round "3"]
[White "Tasker, Michael"]
[Black "Taylor, Edward H"]
[Result "1/2-1/2"]
[WhiteElo "2070"]
[BlackElo "2072"]
[PlyCount "73"]
[EventDate "2007.09.03"]
[EventType "swiss"]
[EventRounds "9"]
[EventCountry "ENG"]
[SourceTitle "CBM 120 Extra"]
[Source "ChessBase"]
[SourceDate "2007.11.01"]
[SourceVersion "1"]
[SourceVersionDate "2007.11.01"]
[SourceQuality "1"]

1. Nf3 g6 2. d4 Bg7 3. c4 d6 4. e4 Nd7 5. Nc3 e6 6. Be2 Ne7 7. Be3 b6 8. Qd2 h6 9. 0-0 Bb7 10. Rab1 Kf8 11. b4 Kg8 12. Rfd1 Kh7 13. h3 Rf8 14. c5 f5 15. Qc2 fxe4 16. Nxe4 Nf6 17. Bd3 Nxe4 18. Bxe4 Bxe4 19. Qxe4 Qd7 20. h4 Nf5 21. Rbc1 bxc5 22. dxc5 d5 23. Qc2 Qe7 24. h5 gxh5 25. Nd4 Kh8 26. Qe2 Nxd4 27. Bxd4 Bxd4 28. Rxd4 Qf6 29. Rd2 h4 30. Re1 Rae8 31. a4 Qg5 32. b5 Rf4 33. Qe5+ Qxe5 34. Rxe5 Rxa4 35. Rdxd5 Ra1+ 36. Kh2 Ra5 37. Rd7 1/2-1/2

[Event "BCF-chT 0607 (4NCL)"]
[Site "Sunningdale"]
[Date "2007.03.03"]
[Round "7.8"]
[White "Walton, Alan J"]
[Black "Tasker, Michael"]
[Result "1/2-1/2"]
[WhiteElo "2235"]
[BlackElo "2065"]
[PlyCount "92"]
[EventDate "2006.09.16"]
[EventType "team-tourn"]
[EventRounds "11"]
[EventCountry "ENG"]
[SourceTitle "EXT 2008"]
[Source "ChessBase"]
[SourceDate "2007.11.25"]
[SourceVersion "1"]
[SourceVersionDate "2007.11.25"]
[SourceQuality "1"]
[WhiteTeam "3CS Oldham"]
[BlackTeam "Betsson.com"]
[WhiteTeamCountry "ENG"]
[BlackTeamCountry "ENG"]

1. d4 Nf6 2. Bg5 Ne4 3. Bf4 c5 4. f3 Qa5+ 5. c3 Nf6 6. d5 e6 7. e4 exd5 8. exd5 d6 9. Nd2 Be7 10. Nb3 Qa4 11. g3 0-0 12. Kf2 Re8 13. Ne2 b6 14. Rc1 Qc4 15. Bg5 Bb7 16. Nf4 Qa4 17. Bxf6 Bxf6 18. Qc2 Bg5 19. c4 Nd7 20. h4 Bxf4 21. gxf4 Nf6 22. Rg1 Qd7 23. Bd3 Qe7 24. Rce1 Qf8 25. Nd2 Rxe1 26. Rxe1 Re8 27. Ne4 Nxe4+ 28. fxe4 Qe7 29. Kg3 Qf6 30. Qf2 Qg6+ 31. Kh2 a6 32. a3 Bc8 33. b4 Bd7 34. bxc5 bxc5 35. Rb1 f5 36. e5 dxe5 37. fxe5 Rxe5 38. Qxc5 Qf6 39. Rb8+ Be8 40. Qf2 Qd6 41. Rb6 Qd8 42. Rb2 g6 43. Qf4 Qd6 44. Rg2 Rxd5 45. Qxd6 Rxd6 46. Bxf5 Rd4 1/2-1/2